000 00607nam a2200217 i 4500
001 C2-0106185
003 PPAK
005 20180727101838.0
008 970611s1960 ph |||| ||||| | eng d
040 _aPPAK
_beng
_cPPAK
_erda
082 0 4 _a499.211
_223
090 0 0 _a499.211
_bENG
_dKIH
245 0 3 _aAn English - Tagalog dictionary
264 1 _aManila :
_bInstitute of National Language ,
_c1960
300 _axvi, 412 pages ;
_c23 cm
336 _2rdacontent
_atext
337 _2rdamedia
_aunmediated
338 _2rdacarrier
_avolume
650 1 0 _aTagalog language - Dictionaries
942 _ddc
_cB
999 _c25891
_d25891